Spory a polemiky (Record no. 20473)
[ view plain ]
| 000 -LEADER | |
|---|---|
| fixed length control field | 01169nam a2200385 a 4500 |
| 001 - CONTROL NUMBER | |
| control field | 20473 |
| 003 - CONTROL NUMBER IDENTIFIER | |
| control field | VRT |
| 005 - DATE AND TIME OF LATEST TRANSACTION | |
| control field | 20260122144827.0 |
| 008 - FIXED-LENGTH DATA ELEMENTS--GENERAL INFORMATION | |
| fixed length control field | 961209q1995 xo p 000 0 slo c |
| 020 ## - INTERNATIONAL STANDARD BOOK NUMBER | |
| International Standard Book Number | 8088834295 (brož.) |
| 035 ## - SYSTEM CONTROL NUMBER | |
| System control number | UKB000210386 |
| 040 ## - CATALOGING SOURCE | |
| Original cataloging agency | BAA001 |
| Language of cataloging | slo |
| Transcribing agency | BAA001 |
| Description conventions | AACR2 |
| 041 1# - LANGUAGE CODE | |
| Language code of text/sound track or separate title | slo |
| 044 ## - COUNTRY OF PUBLISHING/PRODUCING ENTITY CODE | |
| MARC country code | xo |
| ISO country code | SK |
| 080 ## - UNIVERSAL DECIMAL CLASSIFICATION NUMBER | |
| Universal Decimal Classification number | 885.4-83 |
| 100 1# - MAIN ENTRY--PERSONAL NAME | |
| Personal name | Bernolák, Anton |
| Dates associated with a name | 1762-1813 |
| 243 10 - COLLECTIVE UNIFORM TITLE | |
| Uniform title | <a href="Slovenský klasicizmus">Slovenský klasicizmus</a> |
| 245 00 - TITLE STATEMENT | |
| Title | Spory a polemiky |
| Remainder of title | výber zo spisov |
| Statement of responsibility, etc. | Anton Bernolák, Juraj Fándly |
| 260 ## - PUBLICATION, DISTRIBUTION, ETC. | |
| Place of publication, distribution, etc. | Rohovce |
| Name of publisher, distributor, etc. | Interpopulart Slovakia |
| Date of publication, distribution, etc. | [1995] |
| 300 ## - PHYSICAL DESCRIPTION | |
| Extent | 81 s |
| 490 1# - SERIES STATEMENT | |
| Series statement | Populart. Študentská knižnica |
| Volume/sequential designation | 30 |
| 500 ## - GENERAL NOTE | |
| General note | Slovenský klasicizmus |
| 504 ## - BIBLIOGRAPHY, ETC. NOTE | |
| Bibliography, etc. note | Bibliogr. s. 80 |
| 650 07 - SUBJECT ADDED ENTRY--TOPICAL TERM | |
| Topical term or geographic name entry element | literatúra slovenská klasicistická |
| 650 07 - SUBJECT ADDED ENTRY--TOPICAL TERM | |
| Topical term or geographic name entry element | polemiky |
| 653 ## - INDEX TERM--UNCONTROLLED | |
| Uncontrolled term | 885.4-83 |
| 700 1# - ADDED ENTRY--PERSONAL NAME | |
| Personal name | Fándly, Juraj, |
| Dates associated with a name | 1750-1811 |
| Relationship | aut |
| 760 1# - MAIN SERIES ENTRY | |
| Title | Populart. Študentská knižnica |
| 830 #0 - SERIES ADDED ENTRY--UNIFORM TITLE | |
| Uniform title | Populart. Študentská knižnica |
| Volume/sequential designation | 30 |
| 910 ## - USER-OPTION DATA (OCLC) | |
| User-option data | ukb |
| 942 ## - ADDED ENTRY ELEMENTS (KOHA) | |
| Source of classification or shelving scheme | Dewey Decimal Classification |
| Koha item type | Krásna literatúra pre dospelých |
| Suppress in OPAC | No |
| 949 ## - LOCAL PROCESSING INFORMATION (OCLC) | |
| 6 | 1800009258 |
| a | 30.D.66682 |
| b | PV.5679-96 |
| 949 ## - LOCAL PROCESSING INFORMATION (OCLC) | |
| 6 | 1800009257 |
| a | SL.D.24705 |
| b | PV.5680-96 |
| 949 ## - LOCAL PROCESSING INFORMATION (OCLC) | |
| 6 | 1800065040 |
| a | 30.D.66682 |
| b | NA.240-99 |
| Stav vyradenia | Strata | Poškodenie | Spôsob nadobudnutia | Domovská knižnica | Aktuálna knižnica | Dátum nadobudnutia | Total checkouts | Čiarový kód exemplára | Date last seen | Typ exemplára |
|---|---|---|---|---|---|---|---|---|---|---|
| Dar | Obecná knižnica Horná Štubňa | Obecná knižnica Horná Štubňa | 22.01.2026 | 8088834295 | 22.01.2026 | Krásna literatúra pre dospelých |
